Star Wars Lesser Characters - Statistics

General Stats
  • This quiz has been taken 826 times
  • The average score is 7 of 15
Answer Stats
Hint Answer % Correct
Rebel pilot of Red 2 during the attack on the first Death Star and rogue 3 at the Battle of Hoth. Wedge Antilles
75%
Rebel pilot of Red 3 during the attack on the first Death Star and Luke's childhood friend. Biggs Darklighter
72%
Imperial general and commander of Blizzard 1 at the Battle of Hoth. General Maximilian Veers
71%
Lando's cyborg assistant on Cloud City. Lobot
69%
Lando's Sullustan co-pilot during the attack on the second Death Star. Nien Numb
66%
Imperial captain, then admiral who commanded the Executor when it was destroyed. Admiral Firmus Piett
59%
Cackling lizard-monkey alien that sits by Jabba the Hutt's tail. Salacious Crumb
57%
Luke's harpoon gunner on Rogue 1 during the Battle of Hoth. Dak Ralter
53%
Rebel pilot of Red 6 during the attack on the first Death Star. Jek Porkins
53%
Imperial admiral force choked to death by Vader for being "clumsy as he is stupid." Admiral Kendal Ozzel
51%
Imperial captain whose apology Vader accepted by force choking him to death. Captain Lorth Needa
40%
Imperial admiral force choked by Vader for his "lack of faith." Admiral Conan Antonio Motti
26%
Imperial moff overseeing the construction of the second Death Star. Moff Tiann Jerjerrod
22%
Rebel pilot of Gold 1 during the attack on the first Death Star. Jon "Dutch" Vander
13%
Imperial general who warned the Rebels could find a weakness in the stolen Death Star plans. General Cassio Tagge
12%
No matching quizzes found
Score Distribution
Percent of People with Each Score
Percentile by Number Answered
Your Score History
You have not taken this quiz